| 000 -LEADER |
| fixed length control field |
01903cam a2200265 a 4500 |
| 008 - FIXED-LENGTH DATA ELEMENTS--GENERAL INFORMATION |
| fixed length control field |
040629s2004 enka i000 0 eng d |
| 020 ## - INTERNATIONAL STANDARD BOOK NUMBER |
| International Standard Book Number |
9280100327 |
| 041 0# - LANGUAGE CODE |
| Language code of text/sound track or separate title |
eng |
| -- |
spa |
| 082 00 - DEWEY DECIMAL CLASSIFICATION NUMBER |
| Classification number |
344.046332 |
| Item number |
I339 |
| 110 ## - MAIN ENTRY--CORPORATE NAME |
| 9 (RLIN) |
76 |
| Corporate name or jurisdiction name as entry element |
International Maritime Organization |
| 130 0# - MAIN ENTRY--UNIFORM TITLE |
| Uniform title |
International Convention on Civil Liability for Bunker Oil Pollution Damage |
| Date of treaty signing |
(2001) |
| 245 10 - TITLE STATEMENT |
| Title |
International Convention on Civil Liability for Bunker Oil Pollution Damage, 2001 = |
| Remainder of title |
Convention internationale de 2001 sur la responsabilité civile pour les dommages dus à la pollution par les hydrocarbures de soute = Convenio internacional sobre responsabilidad civil nacida de daños debidos a contaminación por los hidrocarburos para combustible de los buques, 2001. |
| 246 11 - VARYING FORM OF TITLE |
| Title proper/short title |
Convention internationale de 2001 sur la responsabilité civile pour les dommages dus à la pollution par les hydrocarbures de soute |
|
| Title proper/short title |
Convenio internacional sobre responsabilidad civil nacida de daños debidos a contaminación por los hidrocarburos para combustible de los buques, 2001 |
|
| Title proper/short title |
Civil liability for bunker oil pollution damage, 2001 |
| 260 ## - PUBLICATION, DISTRIBUTION, ETC. (IMPRINT) |
| Place of publication, distribution, etc |
London : |
| Name of publisher, distributor, etc |
International Maritime Organization, |
| Date of publication, distribution, etc |
2004. |
| 300 ## - PHYSICAL DESCRIPTION |
| Extent |
ix, 70 p. : |
| Other physical details |
ill. ; |
| Dimensions |
24 cm. |
| 500 ## - GENERAL NOTE |
| General note |
"This publication contains the text of the Final Act of the International Conference on Liability and Compensation for Bunker Oil Pollution Damage, 2001 ... 9 to 23 March 2001 ... The purpose of the Convention is to ensure the payment of adequate, prompt and effective compensation to victims of pollution caused by the escape or discharge of bunker oil from ships."--p. iii. |
|
| General note |
"Sales number: 1490M." |
| 650 #0 - SUBJECT ADDED ENTRY--TOPICAL TERM |
| Topical term or geographic name as entry element |
Liability for oil pollution damages. |
|
| Topical term or geographic name as entry element |
Oil spills |
| General subdivision |
Law and legislation. |
|
| Topical term or geographic name as entry element |
Oil pollution of the sea |
| General subdivision |
Law and legislation. |
| 710 2# - ADDED ENTRY--CORPORATE NAME |
| Corporate name or jurisdiction name as entry element |
International Maritime Organization. |
| 942 ## - ADDED ENTRY ELEMENTS (KOHA) |
| Item type |
Books |